Online Catalogue and eLibrary

Hidden from history : (Record no. 173)

MARC details
000 -LEADER
fixed length control field 00616pam a2200217 i 4500
001 - CONTROL NUMBER
control field 3162515
005 - DATE AND TIME OF LATEST TRANSACTION
control field 20231211043928.0
008 - FIXED-LENGTH DATA ELEMENTS--GENERAL INFORMATION
fixed length control field 750818t19761973nyu b 001 0 eng
020 ## - INTERNATIONAL STANDARD BOOK NUMBER
ISBN 0904383563
040 ## - CATALOGING SOURCE (பட்டியலாக்க மூலம்)
Original cataloging agency DLC
Transcribing agency DLC
Modifying agency DLC
082 00 - DDC Classification
Class No. 301.41/2/0941
DDC Edition Number 22
Item Number - Author Mark She.
100 1# - MAIN ENTRY--PERSONAL NAME
Personal name Rowbotham, Sheila.
245 10 - TITLE STATEMENT
Title Hidden from history :
Remainder of title rediscovering women in history from the 17th century to the present /
Statement of responsibility, etc. Sheila Rowbotham.
250 ## - EDITION STATEMENT
Edition statement 3rd.
260 ## - PUBLICATION, DISTRIBUTION, ETC.
Place of publication, distribution, etc. New York :
Name of publisher, distributor, etc. Vintage Books,
Date of publication, distribution, etc. 1976, c1973.
300 ## - PHYSICAL DESCRIPTION
Extent (e.g. Volumes, Pages etc.) viii, 183 p. ;
500 ## - GENERAL NOTE
General note Includes index.
650 #0 - SUBJECT ADDED ENTRY--TOPICAL TERM
Topical term or geographic name entry element Women
650 #0 - SUBJECT ADDED ENTRY--TOPICAL TERM
Topical term or geographic name entry element Women
942 ## - Koha item type (Biblio)
Koha item type Books in Stacks (Lending)
Holdings
Lost status Damaged status Collection code Home library Current library Date acquired Full call number Accession Number Item type
    Lending WERC Library WERC Library 12/11/2023 301.41/2/0941 She. 105 Books in Stacks (Lending)

© WERC Library